| 000 | 00000nam 2200000zi 4500 |
| 001 | 9.896785 |
| 003 | CaOODSP |
| 005 | 20221107174419 |
| 006 | m o d f |
| 007 | cr |n||||||||| |
| 008 | 210222e202101##onc ob f|0| 0 fre d |
| 040 | |aCaOODSP|bfre|erda|cCaOODSP |
| 043 | |an-cn--- |
| 086 | 1 |aSB4-64/2021F-PDF |
| 100 | 1 |aRoy, Alain, |eauteur. |
| 245 | 10|aDe la vitalité à la vitalité mémorielle : |bfondements conceptuels de la place de la mémoire et du patrimoine dans l’épanouissement des communautés de langue officielle en situation minoritaire (CLOSM) / |cAlain Roy. |
| 264 | 1|a[Ottawa] : |bBibliothèque et Archives Canada = Library and Archives Canada, |cJanvier 2021. |
| 300 | |a1 ressource en ligne (66 pages) |
| 336 | |atexte|btxt|2rdacontent/fre |
| 337 | |ainformatique|bc|2rdamedia/fre |
| 338 | |aressource en ligne|bcr|2rdacarrier/fre |
| 500 | |aPublié aussi en anglais sous le titre : From vitality to vitality of memory: conceptual foundations of the role of memory and heritage in the vitality of official language minority communities. |
| 500 | |a« Document conceptuel. » |
| 504 | |aComprend des références bibliographiques (pages 51-58). |
| 520 | |a« En vertu de la Loi sur les langues officielles (LLO), Bibliothèque et Archives Canada (BAC), comme toutes les autres institutions de mémoire du gouvernement du Canada, doit chercher « à favoriser l’épanouissement des minorités francophones et anglophones du Canada et à appuyer leur développement ». L’enjeu est de définir comment l’histoire et le patrimoine (notamment documentaire) peuvent contribuer à l’épanouissement, ou vitalité, des communautés de langue officielle en situation minoritaire (CLOSM). Le présent document conceptuel vise à répondre à cette question »--Sommaire, page 6. |
| 610 | 26|aBibliothèque et archives Canada|xÉvaluation. |
| 650 | 6|aMinorités linguistiques|xServices|zCanada. |
| 710 | 2 |aBibliothèque et archives Canada. |bFonction d'évaluation, |eorganisme de publication. |
| 775 | 08|tFrom vitality to vitality of memory : |w(CaOODSP)9.896163 |
| 856 | 40|qPDF|s1.20 Mo|uhttps://publications.gc.ca/collections/collection_2021/bac-lac/SB4-64-2021-fra.pdf |